La estepa - mi vida /
Guardado en:
| Autor Principal: | |
|---|---|
| Formato: | Libro |
| Publicado: |
Madrid :
Club Internacional del libro,
1998
|
| Materias: | |
| Etiquetas: |
Agregar Etiqueta
Sin Etiquetas, Sea el primero en etiquetar este registro!
|
| LEADER | 00586nam a22002175a 4500 | ||
|---|---|---|---|
| 001 | CEM.cems016985 | ||
| 005 | 20101124170511.0 | ||
| 008 | 130507s1998##################000#0#####d | ||
| 003 | CEMS | ||
| 020 | |a 8482652176 | ||
| 082 | 0 | 4 | |a 891.733 |
| 100 | 1 | |a Chejov, Anton | |
| 245 | 1 | 0 | |a La estepa - mi vida / |c Anton Chejov, |
| 260 | |a Madrid : |b Club Internacional del libro, |c 1998 | ||
| 300 | |a 253 p. | ||
| 653 | |a Literatura | ||
| 653 | |a Literatura rusa | ||
| 653 | |a Novelas | ||
| 653 | |a Novela rusa | ||
| 653 | |a Narrativa | ||
| 859 | |a CEMS |b BIB. CEMS - Agricultura |h 891.733 |i Ch416 |p A0268.00 |t Ej.1 | ||
